000 00664nam a2200265Ia 4500
005 20260121164948.0
008 008 260114s9999 xx 000 0 eng d
020 _a9781137356475
037 _aEBOOK
040 _aCRL
040 _beng
040 _cCRL
041 _2eng
041 _aeng
084 _qCRL
100 _aMaysaa Husam Jaber
_91045817
245 0 _aCriminal Femmes Fatales in American Hardboiled Crime Fiction
260 _bSpringer
260 _bSpringer
260 _c2016
856 _uhttps://link.springer.com/openurl?genre=book&isbn=978-1-137-35647-5
942 _cEBOOK
999 _c1611540
_d1611540